Návrh rozšírenia interaktívneho školenia so zameraním na vybranú metódu štíhlej výroby v podniku VAILLANT INDUSTRIAL SLOVAKIA s.r.o.
Salvato in:
| Autore principale: | |
|---|---|
| Altri autori: | |
| Natura: | Manoscritto Libro |
| Lingua: | slovacco |
| Pubblicazione: |
2025
|
| Soggetti: | |
| Accesso online: | http://is.stuba.sk/zp/portal_zp.pl?podrobnosti=176531 |
| Tags: |
Nessun Tag, puoi essere il primo ad aggiungerne!!
|
MARC
| LEADER | 00000ntm a22000003a 4500 | ||
|---|---|---|---|
| 001 | stuzp104084 | ||
| 003 | SK-STU | ||
| 005 | 20250628211203.0 | ||
| 007 | ta | ||
| 008 | 150427s2015----xo-----f-mn---000-0-slo-d | ||
| 040 | |a STU |b slo | ||
| 041 | 0 | |a slo | |
| 100 | 1 | |a Labanok, Varvara |u 064000 |4 aut |U MTF Materiálovotechnologická fakulta |T MTF Ústav priemyselného inžinierstva a manažmentu |X 121747 |U M4000 |Y 84 |7 121747 | |
| 242 | 0 | 1 | |a Proposal to extend interactive training focusing on the chosen lean method of production in VAILLANT INDUSTRIAL SLOVAKIA s.r.o. |y eng |
| 245 | 1 | 0 | |a Návrh rozšírenia interaktívneho školenia so zameraním na vybranú metódu štíhlej výroby v podniku VAILLANT INDUSTRIAL SLOVAKIA s.r.o. |
| 260 | |c 2025 | ||
| 650 | 4 | |a štíhla výroba |2 slo | |
| 650 | 4 | |a školenie |2 slo | |
| 650 | 4 | |a hra |2 slo | |
| 650 | 4 | |a VSM |2 slo | |
| 650 | 4 | |a Lean manufacturing |2 eng | |
| 650 | 4 | |a training |2 eng | |
| 650 | 4 | |a VSM |2 eng | |
| 650 | 4 | |a game |2 eng | |
| 700 | 1 | |a Lehutová, Adriána |u 064000 |k Z3 |4 ths |U MTF Materiálovotechnologická fakulta |T MTF Ústav priemyselného inžinierstva a manažmentu |X 97132 |U M4000 |Y 84 |7 97132 | |
| 856 | 4 | |u http://is.stuba.sk/zp/portal_zp.pl?podrobnosti=176531 | |
| 996 | |c M* BP-9966 |l MMSKP |s P |a 0 |w stuzp104084_0001 | ||